000 00471nam a2200181Ia 4500
008 090123s9999 xx 000 0 und d
082 _b42653
100 _aमराठे रमा
245 _aरंग सुखाचे
250 _a3
260 _c2001
300 _a105
600 _aमराठे रमा
630 _aरंग सुखाचे
700 _aमराठे रमा
730 _aरंग सुखाचे
942 _cBOOK
999 _c80730
_d80730